| 000 | 00927nam a2200241 a 4500 | ||
|---|---|---|---|
| 001 | BRL_934 | ||
| 005 | 20190320210947.0 | ||
| 008 | 290915s1973----au-ao#####---#000-0#ger-# | ||
| 041 | _ager | ||
| 044 | _aau | ||
| 050 | 4 |
_aNK802 _b.V65 1973 |
|
| 245 | 1 | 0 |
_aVolkskunst aus Lateinamerika _cUnter Patronanz der österreichischen Unesco-Kommission unter Mitwirkumg der Unesco-Arbeitsgemeinschaft Wien, dem Österreichischen Lateinamerika-Institut und des Museum für Völkerkunde, Wien ; Gesamtleitung: Etta Becker-Donner. |
| 260 |
_aWien _bMuseum für Völkerkunde _c[1973] |
||
| 300 |
_a179 p. _bil., 64 láminas _c23 cm. |
||
| 500 | _aAu1011 | ||
| 504 | _aBilibografía: p.175-177 | ||
| 650 | 1 | 4 |
_aArte popular _zAmérica Latina _925196 |
| 650 | 1 | 4 |
_aArtes decorativas _zAmérica Latina _925365 |
| 700 | 1 |
_aBecker-Donner, Etta _922895 |
|
| 710 | 2 |
_aMuseum für Völkerkunde (Austria) _924293 |
|
| 902 | _aGRL | ||
| 942 |
_2lcc _cB |
||
| 999 |
_c9746 _d9746 |
||